Indo-Hellenic Cultural Transactions/ (Record no. 213553)

MARC details
000 -LEADER
fixed length control field 00554nam a22001817a 4500
005 - DATE AND TIME OF LATEST TRANSACTION
control field 20251001141658.0
010 ## - LCCN (DPL NO)
LC control number ENG-146914
020 ## - INTERNATIONAL STANDARD BOOK NUMBER
International Standard Book Number 9789381324189
Terms of availability 2000.00
035 ## - SYSTEM CONTROL NUMBER
System control number EN-130446
037 ## - SOURCE OF ACQUISITION
Source of stock number/acquisition DBAD
Stock number DPL
082 ## - DEWEY DECIMAL CLASSIFICATION NUMBER
Classification number 954.41
245 ## - TITLE STATEMENT
Title Indo-Hellenic Cultural Transactions/
Statement of responsibility, etc Edited By Radhika Seshan
250 ## - EDITION STATEMENT
Edition statement 1
260 ## - PUBLICATION, DISTRIBUTION, ETC. (IMPRINT)
Place of publication, distribution, etc Mumbai
Name of publisher, distributor, etc K R Cama Oriental Institute
Date of publication, distribution, etc 2020
270 ## - ADDRESS
Address 136, Bombay Samachar Marg
City Mumbai
Postal code 400023
Electronic mail address krcamaoi123@gmail.com
300 ## - PHYSICAL DESCRIPTION
Extent 232p.
Other physical details 29cm(pb)
942 ## - ADDED ENTRY ELEMENTS (KOHA)
Source of classification or shelving scheme Dewey Decimal Classification
Item type English Books
Classification part 954.41
Call number suffix IND
Holdings
Withdrawn status Lost status Not for loan Collection code Home library Current library Date acquired Source of acquisition Cost, normal purchase price Full call number Barcode Copy number Cost, replacement price Koha item type
    Not For Loan Reference Central Library Central Library 01/10/2025 Delivery of Books Act Division 2000.00 954.41 IND EN-130446 1 2000.00 English Books

© Delhi Public Library
Hit Counter
free hit counter